Logo Quiz - Statistiken

Allgemein
  • Dieses Quiz wurde 1.005 mal gespielt
    1.004 seit der letzten Aktualisierung
  • Das Durchschnittsergebnis liegt bei 16 aus 20
Antwortstatistiken
Bildquiz Antwort % Korrekt
Instagram
99%
Tiktok
98%
Wikipedia
98%
Pepsi
97%
VW
94%
Dominos
92%
Lieferando
92%
Lufthansa
92%
Twitch
92%
Allianz
90%
Schwarzkopf
89%
Mastercard
83%
Gucci
82%
X
80%
Nestle
75%
Jetpunk
74%
WWE
58%
Kick
44%
Gutefrage
26%
BTS
10%
Keine übereinstimmenden Quizze gefunden
Verteilung der Resultate
Anzahl Personen mit jedem Resultat
Perzentil nach korrekt beantworteten Fragen
Ihre Resultats-Entwicklung
Sie haben dieses Quiz seit der letzten Aktualisierung nicht gespielt